Народный лечебник доктора Куреннова

書目詳細資料
主要作者: Куреннов П. М. Павел Матвеевич
語言:俄语
出版: Минск, Завигар, 1999
版:2-е изд.
主題:
格式: 圖書
KOHA link:https://koha.lib.tpu.ru/cgi-bin/koha/opac-detail.pl?biblionumber=12632

MARC

LEADER 00000nam0a2200000 4500
001 12632
005 20231030184506.0
010 |a 9856187028 
035 |a (RuTPU)RU\TPU\book\12711 
035 |a BOOK00012777 
090 |a 12632 
100 |a 20011209d1999 m y0rusy50 ca 
101 0 |a rus 
102 |a BY 
105 |a y z 000zy 
200 1 |a Народный лечебник доктора Куреннова  |f П. М. Куреннов 
205 |a 2-е изд. 
210 |a Минск  |c Завигар  |d 1999 
215 |a 272 с. 
610 1 |a медицина 
610 1 |a народная медицина 
610 1 |a лечебное голодание 
675 |a 615.8  |v 3 
700 1 |a Куреннов  |b П. М.  |g Павел Матвеевич 
801 0 |a RU  |b 63413507  |c 20011209  |g PSBO 
801 2 |a RU  |b 63413507  |c 20180625  |g PSBO 
942 |c BK